Rights of way: a guide to law and practice (Record no. 95166)
[ view plain ]
| 000 -LEADER | |
|---|---|
| fixed length control field | 00506cam a2200193 4500 |
| 001 - CONTROL NUMBER | |
| control field | D2469 |
| 008 - FIXED-LENGTH DATA ELEMENTS--GENERAL INFORMATION | |
| fixed length control field | 090401t1983 xxu||||| |||| 00| 0 eng d |
| 035 ## - SYSTEM CONTROL NUMBER | |
| System control number | (Sirsi) u69214 |
| 041 ## - LANGUAGE CODE | |
| Language code of text/sound track or separate title | eng |
| 050 ## - LIBRARY OF CONGRESS CALL NUMBER | |
| Classification number | 346.410435 |
| 100 ## - MAIN ENTRY--PERSONAL NAME | |
| Personal name | Clayden, P. |
| 245 ## - TITLE STATEMENT | |
| Title | Rights of way: a guide to law and practice |
| 260 ## - PUBLICATION, DISTRIBUTION, ETC. | |
| Place of publication, distribution, etc. | Henley-on-Thames, Oxon |
| Name of publisher, distributor, etc. | Commons / Open Spaces and Footpaths Pres |
| Date of publication, distribution, etc. | 1983 |
| 300 ## - PHYSICAL DESCRIPTION | |
| Extent | viii. 359p. 21cm |
| 350 ## - PRICE (NR) (BK AM CF MU VM SE) [OBSOLETE] | |
| Price | 4 |
| 700 ## - ADDED ENTRY--PERSONAL NAME | |
| Personal name | Trevelyan, John |
| 942 ## - ADDED ENTRY ELEMENTS (KOHA) | |
| Suppress in OPAC | 0 |
| 948 ## - LOCAL PROCESSING INFORMATION (OCLC); SERIES PART DESIGNATOR (RLIN) | |
| c (OCLC) | 04/03/1997 |
| Withdrawn status | Lost status | Source of classification or shelving scheme | Damaged status | Not for loan | Home library | Current library | Shelving location | Date acquired | Cost, normal purchase price | Total Checkouts | Full call number | Barcode | Date last seen | Copy number | Cost, replacement price | Price effective from | Koha item type |
|---|---|---|---|---|---|---|---|---|---|---|---|---|---|---|---|---|---|
| Dewey Decimal Classification | London | London | Basement | 14/09/1999 | 4.00 | SHELF 313 | 30006749 | 06/08/2019 | 1 | 4.00 | 06/08/2019 | Book |